<?xml version="1.0" encoding="UTF-8"?><?xml-stylesheet type="text/xsl" href="static/style.xsl"?><OAI-PMH xmlns="http://www.openarchives.org/OAI/2.0/" xmlns:xsi="http://www.w3.org/2001/XMLSchema-instance" xsi:schemaLocation="http://www.openarchives.org/OAI/2.0/ http://www.openarchives.org/OAI/2.0/OAI-PMH.xsd"><responseDate>2026-06-05T12:17:30Z</responseDate><request verb="GetRecord" identifier="oai:riuma.uma.es:10630/45572" metadataPrefix="marc">https://riuma.uma.es/rest/oai/request</request><GetRecord><record><header><identifier>oai:riuma.uma.es:10630/45572</identifier><datestamp>2026-02-23T12:18:13Z</datestamp><setSpec>com_10630_2254</setSpec><setSpec>col_10630_37953</setSpec></header><metadata><record xmlns="http://www.loc.gov/MARC21/slim" xmlns:dcterms="http://purl.org/dc/terms/" xmlns:doc="http://www.lyncode.com/xoai" xmlns:xsi="http://www.w3.org/2001/XMLSchema-instance" xsi:schemaLocation="http://www.loc.gov/MARC21/slim http://www.loc.gov/standards/marcxml/schema/MARC21slim.xsd">
   <leader>00925njm 22002777a 4500</leader>
   <datafield ind2=" " ind1=" " tag="042">
      <subfield code="a">dc</subfield>
   </datafield>
   <datafield ind2=" " ind1=" " tag="720">
      <subfield code="a">Castilla-Ortega, Marina</subfield>
      <subfield code="e">author</subfield>
   </datafield>
   <datafield ind2=" " ind1=" " tag="260">
      <subfield code="c">2019</subfield>
   </datafield>
   <datafield ind2=" " ind1=" " tag="520">
      <subfield code="a">Las Humanidades Digitales comprenden la aplicación de las TICs a la investigación en el ámbito humanístico. Favorecen tanto la creación de bases de datos y el acceso inmediato a la información como la aparición de novedades metodológicas y de resultados inéditos hasta la fecha. Datan su aparición en los años cuarenta del siglo XX, con el proyecto del jesuita Roberto Busa, bajo el auspicio de IBM. Tras este trabajo inicial, fueron acogidas con gran fuerza en el ámbito anglosajón, pero no con tanto convencimiento en otras áreas geográficas ni en todas las ramas de las Humanidades por igual. Sin embargo, tras esta fase inicial, actualmente puede afirmarse que las Humanidades Digitales están siendo aceptadas cada vez con más entusiasmo. Debido a que entre sus líneas de investigación destaca el análisis textual, se exponen algunos recursos digitales para el estudio léxicoterminológico, aplicados a un texto de interés para la Historia del Arte. Una de estas herramientas es la plataforma TAPORWARE (http://taporware.ualberta.ca/), la cual propicia resultados terminológicos cualitativos y cuantitativos (frecuencias de palabras, concordancias y coocurrencias). Por otra parte, se estudian algunas herramientas de la RAE, como el CORDE (http://corpus. rae.es/cordenet.html) y el CREA (http://corpus.rae.es/creanet.html). Desde variados géneros literarios, el corpus textual de estas bases de datos facilita el análisis de la evolución cronológica de los términos y el esclarecimiento de su significado. En conclusión, las TICs aplicadas al análisis de textos favorecen la actualización del panorama de la investigación de las Humanidades, abriéndose a futuras posibilidades científicas, más colaborativas  e interdisciplinares.</subfield>
   </datafield>
   <datafield ind1="8" ind2=" " tag="024">
      <subfield code="a">Castilla Ortega, M. (2019). Un ejemplo de la aplicación de las TICS a la investigación de la Historia del Arte: herramientas digitales de análisis textual. 3C TIC. Cuadernos de desarrollo aplicados a las TIC, 8-1, 58 - 7. http://dx.doi.org/10.17993/3ctic.2019.81.58-73</subfield>
   </datafield>
   <datafield ind1="8" ind2=" " tag="024">
      <subfield code="a">https://hdl.handle.net/10630/45572</subfield>
   </datafield>
   <datafield ind1="8" ind2=" " tag="024">
      <subfield code="a">10.17993/3ctic.2019.81.58-73</subfield>
   </datafield>
   <datafield tag="653" ind2=" " ind1=" ">
      <subfield code="a">Humanidades Digitales</subfield>
   </datafield>
   <datafield ind2="0" ind1="0" tag="245">
      <subfield code="a">Un ejemplo de la aplicación de las TICS a la investigación de la Historia del Arte: herramientas digitales de análisis textual</subfield>
   </datafield>
</record>
</metadata></record></GetRecord></OAI-PMH>